000 00479nam a2200181Ia 4500
999 _c14061
_d14061
003 OSt
005 20201022103055.0
008 190216s9999||||xx |||||||||||||| ||und||
020 _a8122201679
040 _coclc
082 _a823
_bJOS/A
100 _aJoshi, Arun
_96045
245 4 _aThe Apprentice /
_cArun Joshi
260 _bOrient Paperbacks,
_c1993.
_aNew Delhi:
300 _a144p
650 _aNovel
942 _cBK
_2ddc
_h823
_iJOS/A
_k823
_mJOS/A